Państwa według dziwnych podpowiedzi #1 - Statystyki

Ogólne statystyki
  • Ten quiz został rozwiązany 46 razy
  • Średni wynik to 8 z 16
Statystyki odpowiedzi
Liczba Ludności Znane Miejsce Najwyższa góra/szczyt w państwie Morze/Oceany oblewające dane państwo Państwo % Poprawnych
1,331 000 000 Tallin Suur Munamägi Bałtyckie Estonia
93%
777 486 Mount Everest Mount Everest Brak Bhutan
73%
67,750 000 000 Wieża Eiffla Mont Blanc M.Śródziemne, O.Atlantycki Francja
73%
83,200 000 000 Brama Brandenburska Zugspitze M.Bałtyckie, M.Północne Niemcy
71%
126, 700 000 000 Tulum Pico de Orizaba O.Spokojny, Z.Amerykańska, M.Karaibskie Meksyk
59%
231,400 000 000 Doliny Hunza K2 M.Arabskie, Z.Osmańska Pakistan
56%
10,330 000 000 Madera Pico O.Atlantycki Portugalia
54%
6,878 000 000 Rilski Monastyr. Musała M.Czarne Bułgaria
49%
3,348 000 000 Pustynia Gobi Chujten Brak Mongolia
49%
59,390 000 000 Park Narodowy Krugera Mafadi O.Atlantycki, O.Indyjski Republika Południowej Afryki
49%
17,530 000 000 ogród Keukenhof Vaalser Berg M.Północne Holandia
39%
7,425 000 000 Luang Prabang Phu Bia Brak Laos
32%
213, 400 000 000 Wodospady Gurara Chappal Waddi O.Atlantycki Nigeria
32%
11 204 Funafuti Góra 4,5m O.Spokojny Tuvalu
27%
924 610 Viti Levu Tomanivi O.Spokojny Fidżi
22%
6,834 000 000 Park Narodowy Tara Midżur Brak Serbia
5%
Nie znaleziono quizów pasujących do podanych kryteriów
Rozkład punktacji
Procent ludzi z każdym wynikiem
Percentyl według liczby udzielonych odpowiedzi
Twoja historia wyników
Nie rozwiązałeś tego quizu